Riaďte firmu moderne!

Kontroling v organizácii. Kde je hranica medzi kontrolingom a účtovníctvom. Aká je hlavná úloha kontrolera. Význam kontrolingu pre dnešný moderný podnik.

Gespeichert in:
Bibliographische Detailangaben
1. Verfasser: Košík, Ľubomír
Format: Buchkapitel
Sprache:Slowakisch
Schlagworte:
Tags: Tag hinzufügen
Keine Tags, Fügen Sie das erste Tag hinzu!

MARC

LEADER 00000naa a2200000 4500
001 0175074
005 20231011073420.7
041 0 |a slo 
044 |a CZ 
245 1 0 |a Riaďte firmu moderne!  |c Ľubomír Košík 
520 |a Kontroling v organizácii. Kde je hranica medzi kontrolingom a účtovníctvom. Aká je hlavná úloha kontrolera. Význam kontrolingu pre dnešný moderný podnik. 
610 2 0 |a kontroling podnikový 
610 2 0 |a riadenie podnikové 
610 2 0 |a kontrola 
610 2 0 |a plánovanie 
610 2 0 |a účtovníctvo 
610 2 0 |a ukazovatele 
610 2 0 |a tržby 
610 2 0 |a výkony podnikové 
610 2 0 |a výkony pracovné 
100 1 |a Košík, Ľubomír